[Event "Gebze op 5th"]
[Site "Kocaeli"]
[Date "2014.09.22"]
[Round "4"]
[White "Guney, Gamze Nur"]
[Black "Baran, Murat"]
[Result "1-0"]
[WhiteElo "1743"]
[BlackElo "1946"]
[PlyCount "95"]
[EventDate "2014.09.20"]
[EventType "swiss"]
[EventRounds "9"]
[EventCountry "TUR"]
[SourceTitle "CBM 162 Extra"]
[Source "ChessBase"]
[SourceDate "2014.10.17"]
[SourceVersion "1"]
[SourceVersionDate "2014.10.17"]
[SourceQuality "1"]

1. d4 Nf6 2. c4 e6 3. Nf3 Bb4+ 4. Bd2 Qe7 5. a3 Bxd2+ 6. Nbxd2 d6 7. e4 e5 8. Bd3 0-0 9. 0-0 Nbd7 10. Bc2 b6 11. d5 g6 12. Ne1 Nh5 13. g3 Ndf6 14. Ng2 Bh3 15. Qe1 Nd7 16. Bd1 Ng7 17. Qe3 f5 18. Qh6 Bxg2 19. Kxg2 Nc5 20. Qe3 fxe4 21. b4 Nf5 22. Qc3 Nd7 23. Nxe4 Nf6 24. Nd2 a5 25. Re1 Qf7 26. Nf3 h6 27. Bc2 Nd7 28. Qd2 Kg7 29. Rac1 Qf6 30. Be4 axb4 31. axb4 Ra3 32. Rc3 Rfa8 33. Rxa3 Rxa3 34. Qb2 Ra8 35. Ra1 Rxa1 36. Qxa1 Qf7 37. Qa6 Nd4 38. Nxd4 exd4 39. Qa1 Qf6 40. h3 Qe5 41. Qb1 Qf6 42. f4 Kf7 43. Qa1 g5 44. Qd1 Qg7 45. Qb1 Qf6 46. Qd1 Qg7 47. Qg4 Qf6 48. Qxd7+ 1-0